LEADER 02570 am 22005773u 450 001 996543165803316 005 20230621140222.0 010 $a9789048524822$belectronic book pdf 010 $z9789089647306$bprint 035 $a(CKB)3710000000422518 035 $a(WaSeSS)IndRDA00058558 035 $a(oapen)https://directory.doabooks.org/handle/20.500.12854/36432 035 $a(EXLCZ)993710000000422518 100 $a20160628h20152015 fy 0 101 0 $aeng 135 $aurm|#|||||||| 181 $ctxt$2rdacontent 182 $cc$2rdamedia 183 $acr$2rdacarrier 200 10$aSyntax of Dutch$hVolume 1 $everbs and verb phrases /$fHans Broekhuis, Norbert Corver, Riet Vos 210 $cAmsterdam University Press$d2015 210 1$aAmsterdam, Netherlands :$cAmsterdam University Press,$d2015. 210 4$dİ2015 215 $a1 online resource (xix, 595 pages) $cillustrations; digital, PDF file(s) 225 1 $aComprehensive Grammar Resources 311 18$aPrint version: 9789089647306 330 $aSyntax of Dutch: Verbs and Verb Phrases consists of three volumes. Volume 1 opens with a general introduction to verbs, including a review of various verb classifications and discussions on inflection, tense, mood, modality and aspect. This is followed by a comprehensive discussion of complementation (argument structure and verb frame alternations). Volume 2 continues the discussion of complementation, but is more specifically focused on clausal complements: the reader will find detailed discussions of finite and infinitival argument clauses, complex verb constructions and verb clustering. Volume 3 concludes with a description of adverbial modification and the overall structure of clauses in relation to, e.g., word order (verb placement, wh-movement. extraposition phenomena, scrambling, etc.). 410 0$aComprehensive grammar resources. 606 $aDutch language$xSyntax 610 $asyntax 610 $averbs 610 $adutch 610 $aDative case 610 $aDutch language 610 $aNoun phrase 610 $aObject (grammar) 610 $aPassive voice 610 $aReflexive verb 610 $aTransitive verb 610 $aUnaccusative verb 615 0$aDutch language$xSyntax. 700 $aBroekhuis$b Hans$f1959-$0803521 702 $aCorver$b Norbert$f1963- 702 $aVos$b Riet 801 0$bWaSeSS 801 1$bWaSeSS 801 2$bUkMaJRU 906 $aBOOK 912 $a996543165803316 996 $aSyntax of Dutch$91930027 997 $aUNISA LEADER 01796nas 2200481- 450 001 9910703475003321 005 20241218115116.0 035 $a(OCoLC)847501075 035 $a(CKB)991042731892886 035 $a(CONSER)--2014231050 035 $a(DcWaBHL)32407 035 $a(EXLCZ)99991042731892886 100 $a20120412a19879999 |f- - 101 0 $aeng 135 $aur||||||||||| 181 $ctxt$2rdacontent 182 $cc$2rdamedia 183 $acr$2rdacarrier 200 10$a... Annual report to the governments of Canada, United States, Saskatchewan, and Montana /$fby the Poplar River Bilateral Monitoring Committee 210 1$aRegina, Saskatchewan :$cPoplar River Bilateral Monitoring Committee,$d1987- 215 $a1 online resource 311 08$a1702-2886 606 $aWater quality$zPoplar River Watershed (Sask. and Mont.)$vPeriodicals 606 $aAir quality$zPoplar River Watershed (Sask. and Mont.)$vPeriodicals 606 $aEnvironmental monitoring$zPoplar River Watershed (Sask. and Mont.)$vPeriodicals 606 $aAir quality$2fast$3(OCoLC)fst00802503 606 $aEnvironmental monitoring$2fast$3(OCoLC)fst00913214 606 $aWater quality$2fast$3(OCoLC)fst01171832 607 $aNorth America$zPoplar River Watershed$2fast 608 $aPeriodicals.$2fast 608 $aPeriodicals.$2lcgft 608 $aE-journal.$2local 608 $aseries.$2marcgt 615 0$aWater quality 615 0$aAir quality 615 0$aEnvironmental monitoring 615 7$aAir quality. 615 7$aEnvironmental monitoring. 615 7$aWater quality. 906 $aJOURNAL 912 $a9910703475003321 996 $a.. Annual report to the governments of Canada, United States, Saskatchewan, and Montana$93196010 997 $aUNINA